000 01085nam a2200313 i 4500
003 EG-GICUC
005 20260121101651.0
008 260106s1964 ua ||||fr|||| 00| 0 ara d
040 _a EG-GICUC
_bara
_c EG-GICUC
_d EG-GICUC
_erda
041 0 _aara
082 0 4 _221
_a345.4
_bع ا . ت
092 0 4 _221
099 _aLaw1 07 345.4 ع ا . ت 1964
100 0 _aعادل حسن
_eمؤلف.
245 1 0 _a تقييم الوظائف /
_cعادل حسن.
264 1 _aالاسكندرية :
_bمنشأة المعارف،
_c1964.
300 _a230 ؛ صفحة
_c24 سم.
_bإيضاحيات، صور، مثيليات ؛
336 _2rda content
_atext
337 _2rda media
_aComputer
338 _2rda carrier
_aOnline Resource
504 _a. 240-220 ببليوجرافيا: صفحات.
546 _aالنص باللغة العربية
650 1 4 _aالوظائف العامة
_2qrmak
650 1 4 _aالقانون الإدارى
_2qrmak
651 1 _2qrmak
856 4 0 _uhttps://fll.law.cu.edu.eg/fulltext/bks/B07-01392.pdf
905 _a77
942 _2ddc
_cBK
_e21
_n0
999 _c54755
_d54755